Groupe politiques à l'Assemblée Nationale - Statistiques

Statistiques générales
  • Ce quiz a été pris 135 fois
  • Le résultat moyen est 7 sur 12
Statistiques - réponses
Nombre de députés Groupe politique % Correct
123 Rassemblement National
97%
71 La France insoumise - Nouveau Front Populaire
89%
66 Socialistes et apparentés
78%
38 Ecologiste et Social
65%
49 Droite Républicaine
62%
34 Horizon et Indépendants
59%
23 Libertés, Indépendants, Outre-mer et Territoires
53%
15 UDR
47%
91 Ensemble pour la République
39%
17 Gauches Démocrate et Républicaine
32%
36 Les Démocrates
27%
11 Non inscrit
25%
Aucun quiz correspondant
Distribution des résultats
% des personnes avec chaque résultat
Percentile par nombre de réponses
Votre historique - résultats
Vous n’avez pas pris ce quiz